Statystyki dla Coś Cukrowego

Kliknij tutaj aby rozwiązać quiz!

Ogólne statystyki

  • Ten quiz został rozwiązany 25 razy
  • Średni wynik to 2 z 5

Statystyki odpowiedzi

Odpowiedź% Poprawnych
Wata
82%
Burak
64%
Cebula
5%
Groszek
5%
Peeling
5%

Rozkład punktacji

Percentyl według liczby udzielonych odpowiedzi

Procent ludzi z każdym wynikiem

Twoja historia wyników

Nie rozwiązałeś tego quizu